000 00249nam a2200109 a 4500
008 101025s1983|||| d
100 1 _aManegat, Julio
245 1 0 _aKruh tieňa
260 _bSmena
_aBratislava
_c1983
020 _c20
044 _axo
_cSK
999 _c11467
_d11467